01226 a2200181 4500003000500000005001700005010001700022020002600039040000900065082001300074100001700087245008700104260006800191300003300259505066800292538002900960650005500989Nust20170207153559.0 a 2010026285 a9780470741832 (cloth) cNust00a621.38221 aKhan, Shoab.10aDigital design of signal processing systems :ba practical approach /cShoab Khan. aChichester, West Sussex, U.K. ;aHoboken, N.J. :bWiley,c2010. axx, 586 p. :bill. ;c26 cm. a Overview (Page-1)Using a Hardware Description Language (Page-21) Systems Design Flow and Fixed Point Arithmetic (Page-81) Mapping on Fully Dedicated Architecture (Page-133) Design Options for Basic Building Blocks (Page-183) Multiplier –Less Multiplication by Constant (Page-253)Pipelining Retiming Look ahead Transformation and Polyphone Decomposition (Page-301) Unfolding and Folding of Architectures (Page-343) Design Based on Finite State Machines (Page-381) Micro programmed state Machines (Page-421) Micro Programmed Adaptive Filtering Application (Page-453) CORDIC based DDFS Architectures (Page-483) Digital Design of Communication System (Page-521)  aAlmirah No.45 Shelf No.5 0aTelecommunication EngineeringxDigital techniques.